Formas de voto, prácticas de las asambleas y toma de decisiones : un acercamiento comparativo /

Obra en que se revisan, desde la antigüedad clásica hasta nuestros días, en diversas culturas y momentos históricos, las diversas formas en que se escogen a los gobernantes o representantes de la comunidad y cómo se legitiman su elección y sus acciones. Contiene numerosos estudios de caso, preferent...

Descripció completa

Guardat en:
Dades bibliogràfiques
Autor principal: Dehouve, Danièle (ed.)
Altres autors: Franco Pellotier, Víctor Manuel (edición) (edición), Hémond, Aline (edición) (edición)
Format: Llibre
Idioma:espanyol
Publicat: México : CIESAS, 2011, c2011
Col·lecció:(Publicaciones de la Casa Chata)
Matèries:
Etiquetes: Afegir etiqueta
Sense etiquetes, Sigues el primer a etiquetar aquest registre!

MARC

LEADER 00000nam^a2200000^a^4500
001 000327084
005 20250521000000.0
009 20260526140537.903
020 |a 978-607-486-155-6 
037 |a Acervo ITESO - Biblioteca 
041 |a ESP 
082 |a 324. 63  |b FRA 
100 |a Dehouve, Danièle  |e (ed.) 
245 1 0 |a Formas de voto, prácticas de las asambleas y toma de decisiones :  |b un acercamiento comparativo /  |c Ed. de D. Dehouve, V.M. Franco Pellotier, A. Hémond. 
264 4 |a México :  |b CIESAS,  |c 2011, c2011 
300 |a 490 p. 
336 |a texto  |b txt  |2 rdacontenido 
337 |a sin mediación  |b n  |2 rdamedio 
338 |a volumen  |b nc  |2 rdasoporte 
440 1 |a (Publicaciones de la Casa Chata) 
520 |a Obra en que se revisan, desde la antigüedad clásica hasta nuestros días, en diversas culturas y momentos históricos, las diversas formas en que se escogen a los gobernantes o representantes de la comunidad y cómo se legitiman su elección y sus acciones. Contiene numerosos estudios de caso, preferentemente de la transición política en México de la última década del siglo XX y la primera del siglo XXI. 
649 |a XX 
650 |a Gobernantes y Gobernados 
650 |a Sociedad Civil 
650 |a Comunidad 
650 |a Participación Política -  |x Tema Principal 
650 |a Autogestión 
650 |a Derecho Consuetudinario 
650 |a Prácticas Culturales 
650 |a Legitimidad e Ilegitimidad 
650 |a Poder Político 
650 |a Democracia 
650 |a Transición Política 
650 |a Elecciones -  |x Tema Principal 
650 |a Proceso Político 
700 |a Franco Pellotier, Víctor Manuel  |e (edición) 
700 |a Hémond, Aline  |e (edición) 
910 |a Fondo General 
920 |a Impresos - Libros 
930 |a Colección General 
905 |a 101 
901 |a 0500215983  |b IT1  |c ACC  |i C133508  |u 20250521 
902 |a https://opac.biblio.iteso.mx/vufind/Record/000327084